000 00266nam a2200133Ia 4500
100 _aauthor
650 _aStatistics
942 _cBK
245 _aApplied Multivariate statistical analysis
260 _b#N/A
082 _bAPP
546 _aENGLISH
999 _c34983
_d34983